| Tag |
First Indicator |
Second Indicator |
Subfields |
| LEADER |
00000cam a2200000 4500 |
| 001 |
in00000037677 |
| 005 |
20151007080543.0 |
| 008 |
720726s1950 a b 1 eng u |
| 010 |
|
|
|a 50008646
|
| 035 |
|
|
|a (OCoLC)00365860
|
| 035 |
|
|
|9 AAF5004AM
|
| 040 |
|
|
|c CSU
|d TXA
|d UtOrBLW
|
| 049 |
|
|
|a TXAM
|c 1 [268080]
|
| 050 |
|
0 |
|a HD47
|b .L8
|
| 090 |
|
|
|a HD47
|b .L8 1950
|
| 092 |
|
|
|a 301.154
|b L962p
|
| 100 |
1 |
|
|a Lundborg, Louis B.
|
| 245 |
1 |
0 |
|a Public relations in the local community /
|c by Louis B. Lundborg.
|
| 250 |
|
|
|a [1st ed.].
|
| 264 |
|
1 |
|a New York :
|b Published under the sponsorship of the Public Relations Society of America by Harper,
|c [1950]
|
| 300 |
|
|
|a xi, 228 pages :
|b illustrations ;
|c 22cm.
|
| 336 |
|
|
|a text
|b txt
|2 rdacontent
|
| 337 |
|
|
|a unmediated
|b n
|2 rdamedia
|
| 338 |
|
|
|a volume
|b nc
|2 rdacarrier
|
| 490 |
1 |
|
|a The American series of public relations books
|
| 504 |
|
|
|a Includes bibliographical references and index.
|
| 650 |
|
0 |
|a Publicity.
|
| 830 |
|
0 |
|a American series of public relations books.
|
| 999 |
|
|
|a MARS
|
| 999 |
f |
f |
|s d31ca401-5f6b-369e-9ff9-d006b833b259
|i 0276948d-dcba-3716-aadc-c6f149e36579
|t 0
|
| 952 |
f |
f |
|p ric
|a Texas A&M University
|b Rellis Campus
|c Joint Library Facility
|d Remote Storage
|t 0
|e HD47 .L8 1950
|h Library of Congress classification
|i unmediated -- volume
|m A14800638575
|
| 998 |
f |
f |
|a HD47 .L8 1950
|t 0
|l Remote Storage
|